Dewey decimal classification, Universal decimal classification, and Colon classification : (Record no. 132800)

MARC details
000 -LEADER
fixed length control field 00794nam a22002297a 4500
005 - DATE AND TIME OF LATEST TRANSACTION
control field 20170124110159.0
010 ## - LIBRARY OF CONGRESS CONTROL NUMBER
LC control number A-409824
020 ## - INTERNATIONAL STANDARD BOOK NUMBER
Terms of availability 300.00
035 ## - SYSTEM CONTROL NUMBER
System control number A-409824
037 ## - SOURCE OF ACQUISITION
Source of stock number/acquisition Cen Lib/Ret
040 ## - CATALOGING SOURCE
Original cataloging agency DPL
Language of cataloging EN
082 ## - DEWEY DECIMAL CLASSIFICATION NUMBER
Classification number 025.43
Item number BAB
100 ## - MAIN ENTRY--PERSONAL NAME
Personal name Baba, Abdul Majid
9 (RLIN) 35789
245 ## - TITLE STATEMENT
Title Dewey decimal classification, Universal decimal classification, and Colon classification :
Statement of responsibility, etc by Abdul Majid Baba
Remainder of title development, structure, comparison /
260 ## - PUBLICATION, DISTRIBUTION, ETC. (IMPRINT)
Place of publication, distribution, etc Kashmir
Name of publisher, distributor, etc Gulshan Publishers
Date of publication, distribution, etc 1988
270 ## - ADDRESS
City Srinagar
Address Gow Kadal
300 ## - PHYSICAL DESCRIPTION
Extent xvi,480p.
Dimensions 20cm(Hb)
500 ## - GENERAL NOTE
General note Includes bibliographical references and index<br/>
650 ## - SUBJECT ADDED ENTRY--TOPICAL TERM
Topical term or geographic name as entry element Classification -- Books
Chronological subdivision
9 (RLIN) 35790
650 ## - SUBJECT ADDED ENTRY--TOPICAL TERM
Topical term or geographic name as entry element Classification, Dewey decimal
9 (RLIN) 35791
942 ## - ADDED ENTRY ELEMENTS (KOHA)
Source of classification or shelving scheme Dewey Decimal Classification
Koha item type English Books
Classification part 025.43
Call number suffix BAB
Holdings
Withdrawn status Lost status Damaged status Not for loan Home library Current library Date acquired Source of acquisition Cost, normal purchase price Total Checkouts Full call number Barcode Date last seen Date checked out Copy number Cost, replacement price Price effective from Koha item type
        Central Library Central Library 23/07/2015 Cen Lib/Ret 300.00 3 025.43 BAB A-409824 24/01/2019 10/01/2019 1 300.00 23/07/2015 English Books

© Delhi Public Library
Hit Counter
free hit counter